U.S. Cities That Deserve a Pro-Sports Team - Statistics

General Stats
  • This quiz has been taken 81 times
  • The average score is 13 of 30
Answer Stats
Answer % Correct
Austin
71%
Louisville
69%
Tucson
65%
Tulsa
65%
Richmond
63%
Albuquerque
60%
Birmingham
60%
El Paso
60%
Fresno
60%
Omaha
57%
Honolulu
53%
Bakersfield
50%
Hartford
49%
Providence
49%
Grand Rapids
47%
Baton Rouge
46%
Albany
43%
Riverside
43%
Rochester
42%
Knoxville
38%
Norfolk
32%
Bridgeport
31%
Columbia
26%
New Haven
26%
Worcester
24%
McAllen
18%
Allentown
15%
Sarasota
13%
Greenville
11%
Oxnard
7%
No matching quizzes found
Score Distribution
Percent of People with Each Score
Percentile by Number Answered
Your Score History
You have not taken this quiz